[Event "Cambridge op 2nd"]
[Site "Cambridge"]
[Date "2024.02.21"]
[Round "5"]
[White "O'Shea, Colm"]
[Black "Cole, James"]
[Result "0-1"]
[WhiteElo "1729"]
[BlackElo "1940"]
[PlyCount "90"]
[EventDate "2024.02.19"]
[EventType "swiss"]
[EventRounds "9"]
[EventCountry "ENG"]
[SourceTitle "CB09_2024"]
[SourceDate "2024.02.28"]
[SourceVersion "1"]
[SourceVersionDate "2024.02.28"]
[SourceQuality "1"]

1. e4 c6 2. c4 d5 3. cxd5 cxd5 4. exd5 Nf6 5. Nc3 Nxd5 6. Nf3 Nc6 7. Bb5 g6 8. 0-0 Bg7 9. d4 0-0 10. Bc4 Nb6 11. Bb3 Nxd4 12. Nxd4 Qxd4 13. Qf3 Qg4 14. Qe3 e6 15. h3 Qd4 16. Qf3 Qf6 17. Qe2 Bd7 18. Ne4 Qe5 19. Re1 Bc6 20. Nc3 Qxe2 21. Rxe2 Rfd8 22. Bg5 Rd7 23. Rd1 Rxd1+ 24. Nxd1 a5 25. a3 h6 26. Bh4 a4 27. Ba2 g5 28. Bg3 Rd8 29. Ne3 Rd4 30. Bc7 Nd5 31. Nxd5 Rd1+ 32. Kh2 exd5 33. Be5 Ra1 34. Bxg7 Kxg7 35. b3 axb3 36. Bxb3 Rxa3 37. Rb2 Kf6 38. Kg1 Ra1+ 39. Kh2 Rc1 40. Rd2 Ke5 41. f3 Rc3 42. Ba2 Ra3 43. Kg3 Ra4 44. Kf2 h5 45. Ke2 f6 0-1

[Event "BCF-chT4 2223 (4NCL)"]
[Site "England"]
[Date "2023.04.30"]
[Round "10.132"]
[White "O'Shea, Colm"]
[Black "Usher, Michael E"]
[Result "1-0"]
[WhiteElo "1861"]
[BlackElo "1797"]
[PlyCount "89"]
[EventDate "2022.11.05"]
[EventType "team-swiss"]
[EventRounds "11"]
[EventCountry "ENG"]
[SourceTitle "EXT 2024"]
[Source "ChessBase"]
[SourceDate "2023.10.10"]
[SourceVersion "1"]
[SourceVersionDate "2023.10.10"]
[SourceQuality "1"]
[WhiteTeam "Cambridge University III"]
[BlackTeam "Iceni III"]
[WhiteTeamCountry "ENG"]
[BlackTeamCountry "ENG"]

1. e4 e6 2. d4 d5 3. Nd2 dxe4 4. Nxe4 Nf6 5. Nxf6+ gxf6 6. Nf3 Nc6 7. Bf4 Bd6 8. Qd2 b6 9. Bb5 Bb7 10. 0-0-0 a6 11. Ba4 b5 12. Bb3 Bxf4 13. Qxf4 Na5 14. Rhe1 Nxb3+ 15. axb3 Qe7 16. Re3 0-0-0 17. Ne1 Rhg8 18. Rc3 e5 19. Qf5+ Kb8 20. dxe5 Qxe5 21. Rxd8+ Rxd8 22. Qxe5 fxe5 23. Rg3 Be4 24. Re3 Bg6 25. Rxe5 Rd6 26. f4 Rd4 27. g3 Re4 28. Rxe4 Bxe4 29. b4 Kb7 30. Kd2 h5 31. Nd3 Bf5 32. c3 Kb6 33. Ke3 a5 34. bxa5+ Kxa5 35. b4+ Kb6 36. Kd4 f6 37. Nf2 Kc6 38. Ne4 Bg6 39. Nxf6 Kd6 40. f5 Bxf5 41. Nxh5 c6 42. Nf4 Ke7 43. Kc5 Kd7 44. h3 Be4 45. g4 1-0

[Event "Cambridge op"]
[Site "Cambridge"]
[Date "2023.02.19"]
[Round "9"]
[White "Lazarus, Simon E"]
[Black "O'Shea, Colm"]
[Result "1/2-1/2"]
[WhiteElo "1831"]
[BlackElo "1677"]
[PlyCount "73"]
[EventDate "2023.02.15"]
[EventType "swiss"]
[EventRounds "9"]
[EventCountry "ENG"]
[SourceTitle "CBM 212 Extra"]
[Source "ChessBase"]
[SourceDate "2023.03.31"]
[SourceVersion "1"]
[SourceVersionDate "2023.03.31"]
[SourceQuality "1"]

1. d4 d5 2. Nf3 Nf6 3. c4 dxc4 4. e3 e6 5. Bxc4 a6 6. a4 c5 7. 0-0 Nc6 8. Qe2 cxd4 9. Rd1 Be7 10. exd4 0-0 11. Nc3 Nb4 12. Ne5 Nbd5 13. Qf3 h6 14. Bd3 Bd7 15. Ne4 Rb8 16. Bb1 b5 17. axb5 Bxb5 18. Nxf6+ Nxf6 19. Nc6 Bxc6 20. Qxc6 a5 21. Qf3 Bb4 22. Bf4 Ra8 23. Be5 Bd6 24. Ba2 Qe7 25. Qg3 Bxe5 26. dxe5 Nd7 27. Rd6 Rfd8 28. Rad1 Nf8 29. Qd3 Rxd6 30. exd6 Qd7 31. Bb1 Rd8 32. h4 Qa4 33. g3 Qb4 34. Rd2 Rd7 35. Kh2 Rd8 36. Kg1 Rd7 37. Kh2 1/2-1/2

[Event "Cambridge op"]
[Site "Cambridge"]
[Date "2023.02.18"]
[Round "8"]
[White "O'Shea, Colm"]
[Black "Pert, Max P"]
[Result "1/2-1/2"]
[WhiteElo "1677"]
[BlackElo "1793"]
[PlyCount "93"]
[EventDate "2023.02.15"]
[EventType "swiss"]
[EventRounds "9"]
[EventCountry "ENG"]
[SourceTitle "CBM 212 Extra"]
[Source "ChessBase"]
[SourceDate "2023.03.31"]
[SourceVersion "1"]
[SourceVersionDate "2023.03.31"]
[SourceQuality "1"]

1. e4 e6 2. d4 d5 3. Nd2 Be7 4. e5 c5 5. c3 Nc6 6. Ngf3 Nh6 7. Bd3 Qb6 8. dxc5 Bxc5 9. 0-0 Bd7 10. Nb3 Be7 11. Re1 0-0-0 12. Be3 Qc7 13. a4 Ng4 14. Bd4 f6 15. exf6 gxf6 16. Bc5 e5 17. Bxe7 Nxe7 18. h3 Nh6 19. Bf1 Rhg8 20. Kh1 Qb6 21. Re2 Bc6 22. a5 Qc7 23. Rd2 Qd6 24. c4 d4 25. c5 Qc7 26. a6 d3 27. axb7+ Kb8 28. Na5 e4 29. Ne1 Nhf5 30. b4 Bd5 31. Qa4 e3 32. fxe3 Nh4 33. b5 Nxg2 34. Bxg2 Rg3 35. Bxd5 Rxh3+ 36. Kg1 Rxd5 37. Qf4 Re5 38. Ng2 Qxc5 39. Nc6+ Nxc6 40. bxc6 Qxc6 41. Qg4 Reh5 42. Qc8+ Qxc8 43. bxc8Q+ Kxc8 44. Rxa7 Rh1+ 45. Kf2 R1h2 46. Kg3 R5h3+ 47. Kf4 1/2-1/2

[Event "BCF-chT4 2223 (4NCL)"]
[Site "England"]
[Date "2023.01.07"]
[Round "3.111"]
[White "Bentley, Alex"]
[Black "O'Shea, Colm"]
[Result "1/2-1/2"]
[WhiteElo "1752"]
[BlackElo "1831"]
[PlyCount "76"]
[EventDate "2022.11.05"]
[EventType "team-swiss"]
[EventRounds "11"]
[EventCountry "ENG"]
[SourceTitle "EXT 2024"]
[Source "ChessBase"]
[SourceDate "2023.10.10"]
[SourceVersion "1"]
[SourceVersionDate "2023.10.10"]
[SourceQuality "1"]
[WhiteTeam "Ashfield III"]
[BlackTeam "Cambridge University III"]
[WhiteTeamCountry "ENG"]
[BlackTeamCountry "ENG"]

1. e4 c5 2. Nc3 Nc6 3. f4 g6 4. Nf3 Bg7 5. Bc4 e6 6. 0-0 Nge7 7. a3 d5 8. exd5 exd5 9. Ba2 Bg4 10. Ne2 0-0 11. c3 b5 12. h3 Bxf3 13. Rxf3 h5 14. b4 c4 15. d4 Nf5 16. Be3 Re8 17. Bf2 Nd6 18. Bb1 Qd7 19. f5 Ne4 20. fxg6 fxg6 21. Ng3 Nxf2 22. Rxf2 Qd6 23. Nf1 Bh6 24. Raa2 Re6 25. Rae2 Rae8 26. Rxe6 Qxe6 27. Qf3 Rf8 28. Qg3 Rxf2 29. Qxf2 Kg7 30. Qg3 Ne7 31. Bc2 a6 32. Bd1 Kh7 33. a4 bxa4 34. Bxa4 Kg7 35. Bd1 Kh7 36. Bf3 Kh8 37. Bd1 Kh7 38. Bf3 Kh8 1/2-1/2

[Event "Gibraltar Amateurs op-A"]
[Site "Caleta"]
[Date "2020.01.24"]
[Round "5"]
[White "O'Shea, Colm"]
[Black "Bussmann, John"]
[Result "0-1"]
[WhiteElo "1706"]
[BlackElo "1752"]
[PlyCount "60"]
[EventDate "2020.01.20"]
[EventType "swiss"]
[EventRounds "5"]
[EventCountry "GGB"]
[SourceTitle "CBM 194 Extra"]
[Source "ChessBase"]
[SourceDate "2020.03.31"]
[SourceVersion "1"]
[SourceVersionDate "2020.03.31"]
[SourceQuality "1"]

1. e4 d6 2. d4 g6 3. Nc3 Bg7 4. Be3 Nf6 5. Qd2 Ng4 6. Bg5 h6 7. Bh4 Nd7 8. Be2 Ngf6 9. f4 c6 10. Nf3 Qa5 11. 0-0 b5 12. e5 dxe5 13. fxe5 Nh7 14. e6 fxe6 15. Qd3 Bf6 16. Qxg6+ Kd8 17. Qe4 Ng5 18. Bxg5 hxg5 19. Qxc6 g4 20. Qxa8 gxf3 21. Rxf3 Bxd4+ 22. Kh1 Qc7 23. h3 Qe5 24. Bd3 Nf6 25. Raf1 a6 26. a4 Kc7 27. axb5 Ng4 28. Qc6+ Kb8 29. Rf4 Bb7 30. Qd7 Rxh3# 0-1

[Event "Gibraltar Amateurs op-A"]
[Site "Caleta"]
[Date "2020.01.20"]
[Round "1"]
[White "Maloney, Harry"]
[Black "O'Shea, Colm"]
[Result "0-1"]
[WhiteElo "1328"]
[BlackElo "1706"]
[PlyCount "112"]
[EventDate "2020.01.20"]
[EventType "swiss"]
[EventRounds "5"]
[EventCountry "GGB"]
[SourceTitle "EXT 2021"]
[Source "ChessBase"]
[SourceDate "2020.10.23"]
[SourceVersion "1"]
[SourceVersionDate "2020.10.23"]
[SourceQuality "1"]

1. e4 c5 2. Nf3 d6 3. d4 cxd4 4. Nxd4 Nf6 5. Nc3 g6 6. Bd3 Bg7 7. 0-0 0-0 8. Re1 Nc6 9. Nb3 Be6 10. f3 a6 11. Be3 b5 12. Nd4 Nxd4 13. Bxd4 b4 14. Ne2 Qc7 15. Nf4 Bc4 16. b3 Bxd3 17. cxd3 e5 18. Rc1 Qb7 19. Be3 exf4 20. Bxf4 Rfd8 21. e5 dxe5 22. Rxe5 Nh5 23. Re4 Nxf4 24. Rxf4 Bh6 25. Rh4 Bxc1 26. Qxc1 Rxd3 27. Qh6 f5 28. Kf2 Rad8 29. Ke2 Qe7+ 30. Kf2 Rd2+ 31. Kg3 Rxa2 32. Qf4 Qd6 33. Qxd6 Rxd6 34. Rxb4 Rdd2 35. Kf4 Rxg2 36. Ke5 Kg7 37. Rb7+ Kh6 38. Kf6 Rxh2 39. Kf7 Kg5 40. Rb4 a5 41. f4+ Kg4 42. Rc4 Rab2 43. Rc3 Kxf4 44. Kf6 Rhc2 45. Rh3 Rc6+ 46. Kg7 Rc7+ 47. Kf6 Rb7 48. Rh4+ Kg3 49. Kg5 R2xb3 50. Rd4 R3b4 51. Rd6 Ra7 52. Rd3+ Kf2 53. Rd2+ Ke3 54. Rd1 a4 55. Re1+ Kd2 56. Rh1 a3 0-1

[Event "London Classic op U1825 11th"]
[Site "London"]
[Date "2019.11.30"]
[Round "2"]
[White "Kamath, Raghu"]
[Black "O'Shea, Colm"]
[Result "0-1"]
[WhiteElo "1790"]
[BlackElo "1689"]
[PlyCount "62"]
[EventDate "2019.11.29"]
[EventType "swiss"]
[EventRounds "5"]
[EventCountry "ENG"]
[SourceTitle "CBM 195 Extra"]
[Source "ChessBase"]
[SourceDate "2020.05.31"]
[SourceVersion "1"]
[SourceVersionDate "2020.05.31"]
[SourceQuality "1"]

1. e4 c5 2. Nc3 Nc6 3. f4 g6 4. Nf3 Bg7 5. g3 d6 6. Bg2 Rb8 7. 0-0 b5 8. d3 b4 9. Nd5 e6 10. Ne3 Nge7 11. Qe2 0-0 12. Nh4 Nd4 13. Qf2 a5 14. Rb1 a4 15. b3 a3 16. Kh1 Nb5 17. Bd2 f5 18. Nf3 Bb7 19. Ng5 Qd7 20. Rfe1 h6 21. Nh3 Bd4 22. Qe2 Nc6 23. exf5 exf5 24. Bd5+ Kg7 25. Qf3 Nc7 26. Ng2 Nxd5 27. Qxd5 Ne5 28. Qxd4 cxd4 29. fxe5 dxe5 30. Bxb4 Bxg2+ 31. Kxg2 Rxb4 0-1

[Event "BCF-chT4S 1920 (4NCL)"]
[Site "England"]
[Date "2019.11.09"]
[Round "1.74"]
[White "Dharmasena, Gavith"]
[Black "O'Shea, Colm"]
[Result "1-0"]
[WhiteElo "1706"]
[BlackElo "1706"]
[PlyCount "107"]
[EventDate "2019.11.09"]
[EventType "team-swiss"]
[EventRounds "11"]
[EventCountry "ENG"]
[SourceTitle "EXT 2022"]
[Source "ChessBase"]
[SourceDate "2021.10.06"]
[SourceVersion "1"]
[SourceVersionDate "2021.10.06"]
[SourceQuality "1"]
[WhiteTeam "Poisoned Pawns Next Generation"]
[BlackTeam "Cambridge University III"]
[WhiteTeamCountry "ENG"]
[BlackTeamCountry "ENG"]

1. e4 c5 2. Nf3 d6 3. d4 cxd4 4. Nxd4 Nf6 5. Nc3 g6 6. Be3 Bg7 7. f3 0-0 8. Qd2 Nc6 9. Bc4 Bd7 10. 0-0-0 Rc8 11. Bb3 Ne5 12. h4 h5 13. Rdg1 Nc4 14. Bxc4 Rxc4 15. g4 Qa5 16. Nb3 Qc7 17. gxh5 Nxh5 18. Nd5 Qd8 19. Bh6 e6 20. Bxg7 Kxg7 21. Nf4 Nxf4 22. Qxf4 Qf6 23. Qe3 Rfc8 24. Rg2 Kf8 25. h5 gxh5 26. Rxh5 e5 27. Rh6 Qf4 28. Qxf4 exf4 29. Rxd6 Ke7 30. Rd3 Rh8 31. c3 Be6 32. Nd4 Rh4 33. Nxe6 Kxe6 34. Rgd2 Rc7 35. Rd5 Rh3 36. R2d3 Rh2 37. Rf5 Rh4 38. Rdd5 Ke7 39. Rh5 Rxh5 40. Rxh5 Rc6 41. Rf5 Ra6 42. a3 Rh6 43. Rxf4 Ke6 44. Rf5 Rh2 45. Kb1 Rf2 46. Ka2 b6 47. a4 a5 48. Ka3 f6 49. b4 axb4+ 50. cxb4 Rd2 51. Kb3 Rd3+ 52. Kc4 Rd6 53. Rd5 Rc6+ 54. Kb5 1-0

[Event "BCF-chT4S 1819 (4NCL)"]
[Site "England"]
[Date "2019.04.14"]
[Round "8.125"]
[White "O'Shea, Colm"]
[Black "Fernando, Manel"]
[Result "1-0"]
[WhiteElo "1717"]
[BlackElo "1486"]
[PlyCount "91"]
[EventDate "2018.11.17"]
[EventType "team-swiss"]
[EventRounds "11"]
[EventCountry "ENG"]
[SourceTitle "EXT 2021"]
[Source "ChessBase"]
[SourceDate "2020.10.23"]
[SourceVersion "1"]
[SourceVersionDate "2020.10.23"]
[SourceQuality "1"]
[WhiteTeam "Cambridge University III"]
[BlackTeam "The Pitstop"]
[WhiteTeamCountry "ENG"]
[BlackTeamCountry "ENG"]

1. e4 e5 2. Nf3 Nc6 3. Bc4 Be7 4. d4 d6 5. dxe5 Nxe5 6. Nxe5 dxe5 7. Qxd8+ Bxd8 8. 0-0 Nf6 9. Nc3 0-0 10. Be3 c6 11. Bc5 Re8 12. f3 b6 13. Be3 Be6 14. Bxe6 Rxe6 15. Rfd1 h6 16. Rd3 Be7 17. Rad1 Kh7 18. Kf2 g5 19. g4 Kg6 20. h3 h5 21. Kg2 hxg4 22. hxg4 Rh8 23. Ne2 c5 24. c4 a6 25. Nc3 Rb8 26. a4 Rb7 27. Nd5 Nxd5 28. cxd5 Rd6 29. Rc3 Rdd7 30. b3 Bd6 31. Rcc1 a5 32. Rh1 f6 33. Rh5 Rh7 34. Rch1 Rxh5 35. gxh5+ Kh6 36. Kg3 b5 37. Kg4 bxa4 38. bxa4 Rb3 39. Bd2 Bc7 40. Rc1 Bb6 41. Rc3 Rb2 42. Be3 Rb4 43. Bxc5 Bxc5 44. Rxc5 Rxa4 45. d6 Rd4 46. Rd5 1-0

[Event "London Classic U1825 op 10th"]
[Site "London"]
[Date "2018.12.16"]
[Round "4"]
[White "O'Shea, Colm"]
[Black "Ofstad, Johannes"]
[Result "1-0"]
[WhiteElo "1703"]
[BlackElo "1585"]
[PlyCount "85"]
[EventDate "2018.12.14"]
[EventType "swiss"]
[EventRounds "5"]
[EventCountry "ENG"]
[SourceTitle "CBM 187 Extra"]
[Source "ChessBase"]
[SourceDate "2018.11.04"]
[SourceVersion "1"]
[SourceVersionDate "2018.11.04"]
[SourceQuality "1"]

1. e4 c5 2. Nc3 Nc6 3. Bb5 g6 4. Bxc6 dxc6 5. d3 Bg7 6. Be3 b6 7. Qd2 e5 8. 0-0-0 Qd6 9. f4 exf4 10. Bxf4 Be5 11. Bxe5 Qxe5 12. Nf3 Qg7 13. Rhf1 Qh6 14. Ne5 Qxd2+ 15. Rxd2 Be6 16. Nxc6 Ne7 17. Nxe7 Kxe7 18. Nd5+ Kd7 19. Nf4 Rhf8 20. Rdf2 Rad8 21. Kd2 Ke7 22. Nxe6 Kxe6 23. Kc3 Rd7 24. Kc4 Rd4+ 25. Kc3 f5 26. g4 h5 27. gxf5+ gxf5 28. Rxf5 Rxf5 29. Rxf5 h4 30. Rh5 Rd7 31. Rxh4 Rg7 32. Rf4 Rg2 33. h4 Rh2 34. a3 a5 35. b4 axb4+ 36. axb4 cxb4+ 37. Kb3 Ke5 38. Rf5+ Kd4 39. h5 Rh1 40. Rd5+ Ke3 41. Kxb4 Kd2 42. c3 Rb1+ 43. Kc4 1-0

[Event "BCF-chT4S 1718 (4NCL)"]
[Site "England"]
[Date "2018.03.25"]
[Round "8.92"]
[White "Olufemi, George"]
[Black "O'Shea, Colm"]
[Result "1-0"]
[WhiteElo "1844"]
[BlackElo "1704"]
[PlyCount "57"]
[EventDate "2017.11.11"]
[EventType "team-swiss"]
[EventRounds "11"]
[EventCountry "ENG"]
[SourceTitle "EXT 2020"]
[Source "ChessBase"]
[SourceDate "2019.10.17"]
[SourceVersion "1"]
[SourceVersionDate "2019.10.17"]
[SourceQuality "1"]
[WhiteTeam "The Pitstop"]
[BlackTeam "Cambridge University III"]
[WhiteTeamCountry "ENG"]
[BlackTeamCountry "ENG"]

1. e4 c5 2. Nc3 Nc6 3. Bb5 Nd4 4. Bc4 e6 5. f4 a6 6. a4 g6 7. Nf3 Bg7 8. 0-0 Ne7 9. e5 Nxf3+ 10. Qxf3 d5 11. exd6 Qxd6 12. d3 Rb8 13. Ne4 Qc7 14. f5 Nxf5 15. g4 Nd4 16. Nd6+ Kd7 17. Qxf7+ Kxd6 18. Bf4+ e5 19. Bxe5+ Bxe5 20. Qd5+ Ke7 21. Rf7+ Ke8 22. Rxc7 Bxc7 23. Re1+ Ne6 24. Rxe6+ Bxe6 25. Qxe6+ Kd8 26. Qf6+ Kd7 27. Be6+ Kc6 28. Bg8+ Bd6 29. Qxh8 1-0

[Event "BCF-chT4S 1718 (4NCL)"]
[Site "England"]
[Date "2018.03.24"]
[Round "7.102"]
[White "O'Shea, Colm"]
[Black "Kesterson, Kennan"]
[Result "1-0"]
[WhiteElo "1704"]
[BlackElo "1524"]
[PlyCount "77"]
[EventDate "2017.11.11"]
[EventType "team-swiss"]
[EventRounds "11"]
[EventCountry "ENG"]
[SourceTitle "EXT 2020"]
[Source "ChessBase"]
[SourceDate "2019.10.17"]
[SourceVersion "1"]
[SourceVersionDate "2019.10.17"]
[SourceQuality "1"]
[WhiteTeam "Cambridge University III"]
[BlackTeam "Barnet Knights II"]
[WhiteTeamCountry "ENG"]
[BlackTeamCountry "ENG"]

1. e4 e6 2. d3 d5 3. Nd2 Nf6 4. Ngf3 c5 5. g3 Nc6 6. Bg2 Be7 7. 0-0 0-0 8. Re1 a6 9. e5 Nd7 10. Nf1 b5 11. h4 Nb6 12. Bf4 a5 13. N1h2 Bd7 14. Ng5 h6 15. Nh3 c4 16. d4 b4 17. c3 Na7 18. Ng4 f5 19. exf6 Bxf6 20. Nxf6+ Rxf6 21. Be5 Rf7 22. Nf4 Nc6 23. Bh3 Qe8 24. Bc7 Ra6 25. Bxb6 Rxb6 26. Nxd5 Rb8 27. Nc7 Qc8 28. Nxe6 Re7 29. d5 Nd8 30. Nxd8 Qxd8 31. Rxe7 Qxe7 32. Bxd7 Qxd7 33. Qd4 Rc8 34. cxb4 axb4 35. Rc1 c3 36. bxc3 bxc3 37. Rxc3 Rxc3 38. Qxc3 Qxd5 39. Qb3 1-0

[Event "London Classic op U2050 9th"]
[Site "London"]
[Date "2017.12.08"]
[Round "5"]
[White "Ismailov, Roman"]
[Black "O'Shea, Colm"]
[Result "1-0"]
[WhiteElo "2008"]
[BlackElo "1700"]
[PlyCount "87"]
[EventDate "2017.12.04"]
[EventType "swiss"]
[EventRounds "5"]
[EventCountry "ENG"]
[SourceTitle "CBM 182 Extra"]
[Source "ChessBase"]
[SourceDate "2018.02.23"]
[SourceVersion "1"]
[SourceVersionDate "2018.02.23"]
[SourceQuality "1"]

1. Nf3 d5 2. d4 Nf6 3. e3 c5 4. b3 Nc6 5. a3 Bg4 6. Be2 e6 7. 0-0 Rc8 8. Bb2 cxd4 9. exd4 Bd6 10. h3 Bh5 11. Nbd2 0-0 12. Re1 Na5 13. Bd3 a6 14. Qe2 Bg6 15. Bxg6 hxg6 16. c4 Qe7 17. Bc3 Nc6 18. c5 Bf4 19. b4 Bxd2 20. Nxd2 Nh5 21. Nf3 Nf4 22. Qe3 Qf6 23. a4 Nh5 24. Bd2 Qd8 25. b5 Na5 26. Qc3 Nc4 27. Bg5 Nf6 28. Ne5 Ne4 29. Rxe4 Qxg5 30. Re2 axb5 31. axb5 Nxe5 32. Rxe5 Qe7 33. Re2 Ra8 34. Rea2 Rxa2 35. Rxa2 Rc8 36. Qa1 Kh7 37. Ra8 Rc7 38. Qa7 e5 39. Qb8 g5 40. Qh8+ Kg6 41. Re8 Qd7 42. dxe5 g4 43. Rd8 Qe6 44. Rd6 1-0

[Event "London Classic op U2050 9th"]
[Site "London"]
[Date "2017.12.07"]
[Round "4"]
[White "O'Shea, Colm"]
[Black "McKenna, James F"]
[Result "1-0"]
[WhiteElo "1700"]
[BlackElo "1843"]
[PlyCount "59"]
[EventDate "2017.12.04"]
[EventType "swiss"]
[EventRounds "5"]
[EventCountry "ENG"]
[SourceTitle "CBM 182 Extra"]
[Source "ChessBase"]
[SourceDate "2018.02.23"]
[SourceVersion "1"]
[SourceVersionDate "2018.02.23"]
[SourceQuality "1"]

1. e4 d6 2. d4 Nd7 3. Nc3 e5 4. Nf3 Ngf6 5. Bc4 Be7 6. 0-0 0-0 7. Re1 a6 8. a4 a5 9. h3 c6 10. Be3 Nxe4 11. Nxe4 d5 12. Nxe5 Nxe5 13. dxe5 dxc4 14. Nd6 Bxd6 15. exd6 Be6 16. Qd4 Bd5 17. Qf4 Re8 18. Bd4 Qd7 19. Qg3 g6 20. Qf4 f5 21. Bf6 Qf7 22. Be7 Be6 23. Re3 Bd7 24. Rae1 Rab8 25. Re5 Ra8 26. Qd4 Ra6 27. Bg5 Re6 28. Rxe6 Bxe6 29. Rxe6 Qxe6 30. d7 1-0

[Event "London Classic op U1825 8th"]
[Site "London"]
[Date "2016.12.10"]
[Round "2"]
[White "O'Shea, Colm"]
[Black "Hunt, Caro"]
[Result "1-0"]
[WhiteElo "1738"]
[BlackElo "1621"]
[PlyCount "65"]
[EventDate "2016.12.09"]
[EventType "swiss"]
[EventRounds "5"]
[EventCountry "ENG"]
[SourceTitle "EXT 2019"]
[Source "ChessBase"]
[SourceDate "2018.10.10"]
[SourceVersion "1"]
[SourceVersionDate "2018.10.10"]
[SourceQuality "1"]

1. e4 e5 2. Nf3 Nc6 3. Bc4 Nf6 4. d3 Be7 5. 0-0 0-0 6. Bb3 Na5 7. Nxe5 Nxb3 8. axb3 d6 9. Nf3 Bg4 10. h3 Bh5 11. Be3 a6 12. Nbd2 Nd7 13. Qc1 f6 14. Nd4 Bf7 15. f4 Re8 16. N2f3 Bf8 17. c4 c5 18. Nf5 g6 19. Ng3 Qe7 20. Bd2 Bg7 21. f5 Ne5 22. Qc2 Qc7 23. Rad1 g5 24. Nxe5 dxe5 25. Ne2 b5 26. Nc3 b4 27. Nd5 Qc6 28. Ra1 Bxd5 29. cxd5 Qd6 30. Ra5 Bf8 31. Be3 Rec8 32. Qc4 Kg7 33. Rfa1 1-0

[Event "London Classic op U1825 8th"]
[Site "London"]
[Date "2016.12.09"]
[Round "1"]
[White "Watson, Steven L"]
[Black "O'Shea, Colm"]
[Result "0-1"]
[WhiteElo "1612"]
[BlackElo "1738"]
[PlyCount "102"]
[EventDate "2016.12.09"]
[EventType "swiss"]
[EventRounds "5"]
[EventCountry "ENG"]
[SourceTitle "EXT 2019"]
[Source "ChessBase"]
[SourceDate "2018.10.10"]
[SourceVersion "1"]
[SourceVersionDate "2018.10.10"]
[SourceQuality "1"]

1. e4 c5 2. Nf3 d6 3. d4 cxd4 4. Nxd4 Nf6 5. Nc3 g6 6. Be3 Bg7 7. f3 0-0 8. Bc4 Nc6 9. Qd2 Bd7 10. 0-0-0 Rc8 11. Bb3 Ne5 12. h4 h5 13. Kb1 Nc4 14. Bxc4 Rxc4 15. Nde2 b5 16. Bh6 b4 17. Bxg7 Kxg7 18. Nd5 Nxd5 19. Qxd5 Qc7 20. Qd2 Be6 21. Nf4 Rc5 22. g4 hxg4 23. Nxe6+ fxe6 24. fxg4 Qa5 25. Qd4+ e5 26. Qe3 Rf4 27. g5 Qa4 28. Rh2 Qc6 29. Re1 a5 30. b3 Rc3 31. Qe2 Rcf3 32. h5 gxh5 33. Rxh5 Rf2 34. Qd3 R4f3 35. Qd1 Qc3 36. Reh1 Rd2 37. Rh7+ Kg8 38. Rh8+ Kg7 39. R8h7+ Kg6 40. R1h6+ Kxg5 41. Qg1+ Rg3 42. Rh5+ Kf6 43. Rf5+ Ke6 44. Rh6+ Kd7 45. Qa7+ Qc7 46. Qxc7+ Kxc7 47. Rf7 Rg1+ 48. Kb2 Rgg2 49. Rxe7+ Kc6 50. Rxe5 Rxc2+ 51. Kb1 Rce2 0-1